00409nam a2200157Ia 4500008004100000020000700041082001400048100001800062245002600080250000700106260003400113300001400147500001900161600002100180650005000201240925s9999 xx 000 0 und d aNA a006.6 VIN aVince, John B 0a3D Computer Animation aNA aNew York:bFree Pressc,1993. a0bNAfNA aIncludes Index aComputer Science aComputer science, information & general works